书目信息 |
| 题名: |
20世纪中国探索诗鉴赏
|
|
| 作者: | 陈超 著 | |
| 分册: | 下 | |
| 出版信息: | 北京 作家出版社有限公司 2025.01 |
|
| 页数: | 1127页 | |
| 开本: | 24cm | |
| 丛书名: | 陈超诗文全编 | |
| 单 册: | ||
| 中图分类: | I207.25 | |
| 科图分类: | ||
| 主题词: | 新诗--鉴赏--中国--现代 | |
| 电子资源: | ||
| ISBN: | 978-7-5212-3059-8 | |
| 000 | 00914nam0 2200265 450 | |
| 001 | 013303122 | |
| 005 | 20250924172009.34 | |
| 010 | @a978-7-5212-3059-8@b精装@dCNY99.00 | |
| 100 | @a20241217d2025 em y0chiy0120 ea | |
| 101 | 0 | @achi |
| 102 | @aCN@b110000 | |
| 105 | @aa z 000yy | |
| 106 | @ar | |
| 200 | 1 | @a20世纪中国探索诗鉴赏@920 shi ji zhong guo tan suo shi jian shang@f陈超著@h下 |
| 210 | @a北京@c作家出版社有限公司@d2025.01 | |
| 215 | @a1127页@c图@d24cm | |
| 225 | 1 | @a陈超诗文全编@h第4卷@i鉴赏卷 |
| 330 | @a本书共辑入我国现当代131位诗人的探索性诗作423篇,分为象征派诗群;现代诗派群;九叶派诗群;朦胧诗诗群;西部诗诗群;新生代诗群六辑。 | |
| 461 | 0 | @12001 @a陈超诗文全编 |
| 462 | 0 | @12001@@@a鉴赏卷 |
| 606 | 0 | @a新诗@x鉴赏@y中国@z现代 |
| 690 | @aI207.25@v5 | |
| 701 | 0 | @a陈超@9chen chao@f(1958-2014)@4著 |
| 801 | 0 | @aCN@c20250908 |
| 905 | @a河南城建学院图书馆@dI207.2@eC386:2@ZC386:2@f1 | |
| 20世纪中国探索诗鉴赏/陈超著.下.-北京:作家出版社有限公司,2025.01 |
| 1127页:图;24cm.-(陈超诗文全编.第4卷.鉴赏卷) |
| ISBN 978-7-5212-3059-8(精装):CNY99.00 |
| 本书共辑入我国现当代131位诗人的探索性诗作423篇,分为象征派诗群;现代诗派群;九叶派诗群;朦胧诗诗群;西部诗诗群;新生代诗群六辑。 |
| ● |
| 相关链接 |
|
|
|
正题名:20世纪中国探索诗鉴赏
索取号:I207.2/C386:2
 
预约/预借
| 序号 | 登录号 | 条形码 | 馆藏地/架位号 | 状态 | 备注 |
| 1 | 1631791 | 216317910 | 文学库108/108文学库 7排1列2层/ [索取号:I207.2/C386:2] | 在馆 |